000 01916cab a2200313 4500
001 Z7083
008 090401t1994 xxu||||| |||| 00| 0 eng d
035 _a(Sirsi) u69971
041 _aeng
245 _aJL Engineering and another v SoS Environment and another
260 _c1994
350 _a0
490 _aProperty and Compensation Reports
_v(1994) 68 PCR 504-519(16)
520 _aCA 16 June 1994. J occupied an engineering works and in 1988 purchased an adjoining site in green belt which they hard covered and used for storage. This land had already been used for this purpose from 1942-1972. In 1990 the planning authority served enforcement notices alleging a material change of use from agricultural to engineering related storage and operational development. J appealed. Between closure of the inquiry and the issue of the decision letter it came to light that in 1948 permission had been granted for the extraction of clay from a site adjoining the appeal site. J had sought to register this with the mineral planning authority under Planning and Compensation Act 1991. The Inspector considered that this fresh evidence did not affect his decision. Appeal dismissed and the 1948 permission was registered. An appeal to HC was dismissed so J appealed to CA on the grounds that the change of use did not constitute a breach of planning control and that the Inspector had wro
650 _aAGRICULTURAL USE
650 _aCHANGE OF USE
650 _aENFORCEMENT NOTICES
650 _aESTABLISHED USE
650 _aEXISTING USE RIGHTS
650 _aINDUSTRIAL USE
650 _aJL ENGINEERING AND ANOTHER V SOS ENVIRONMENT
650 _aMINERALS PERMISSION
650 _aPLANNING AND COMPENSATION ACT 1991
650 _aPOST-INQUIRY EVIDENCE
650 _aTOWN AND COUNTRY PLANNING ACT 1990 S55
690 _aPLANNING LAW AND PRACTICE-CASE LAW
942 _n0
948 _c04/03/1997
999 _c44012
_d44012